书目信息 |
| 题名: |
时尚摄影
|
|
| 作者: | 筱莹 编著 | |
| 分册: | 文学卷 | |
| 出版信息: | 长春 吉林摄影出版社 2002 |
|
| 页数: | 10,346页 | |
| 开本: | 21cm | |
| 丛书名: | ||
| 单 册: | ||
| 中图分类: | K815.6=5 , K812.5 , J433 | |
| 科图分类: | ||
| 主题词: | 诺贝尔奖金--名人--生平事迹--世界 , 诺贝尔奖金--作家--生平事迹--世界 , 诺贝尔奖金 , 名人 , 作家 , 摄影艺术--世界 , 摄影艺术--各国 | |
| 电子资源: | ||
| ISBN: | 7-80606-522-9 | |
| 000 | 00981nam0 2200313 450 | |
| 001 | 1537432984 | |
| 005 | 20150130102449.28 | |
| 010 | @a7-80606-522-9@b精装@dCNY29.00 | |
| 100 | @a20020727d2002 em y0chiy0110 ea | |
| 101 | 0 | @achi |
| 102 | @aCN@b220000 | |
| 105 | @aa z 000yc | |
| 200 | 1 | @a时尚摄影@Ashi shang she ying@9bai nian nuo bei er huo jiang ren wu quan zhuan@i文学卷@f筱莹编著 |
| 210 | @a长春@c吉林摄影出版社@d2002 | |
| 215 | @a10,346页@c照片@d21cm | |
| 330 | @a本书记述了获诺贝尔文学奖的人物的生平事迹。他们是:亨利克·显克微支;罗宾夫·鲁德亚德·吉卜林;罗曼·罗兰等。 | |
| 606 | 0 | @a诺贝尔奖金@x名人@x生平事迹@y世界 |
| 606 | 0 | @a诺贝尔奖金@x作家@x生平事迹@y世界 |
| 606 | 0 | @a诺贝尔奖金 |
| 606 | 0 | @a名人 |
| 606 | 0 | @a作家 |
| 606 | 0 | @a摄影艺术@x世界 |
| 606 | 0 | @a摄影艺术@y各国 |
| 690 | @aK815.6=5@v5 | |
| 690 | @aK812.5@v5 | |
| 690 | @aJ433@v4 | |
| 701 | 0 | @a筱莹@9xiao ying@4编著 |
| 801 | 0 | @aCN@bTSSF@c20150130 |
| 905 | @aZUCC@dJ433@eJY3 | |
| 时尚摄影.文学卷/筱莹编著.-长春:吉林摄影出版社,2002 |
| 10,346页:照片;21cm |
| ISBN 7-80606-522-9(精装):CNY29.00 |
| 本书记述了获诺贝尔文学奖的人物的生平事迹。他们是:亨利克·显克微支;罗宾夫·鲁德亚德·吉卜林;罗曼·罗兰等。 |
| ● |
| 相关链接 |
|
|
|
|
正题名:时尚摄影
索取号:J433/JY3
 
预约/预借
| 序号 | 登录号 | 条形码 | 馆藏地/架位号 | 状态 | 备注 |
| 1 | 7862724 | 278627247 | 学院路分馆/ [索取号:J433/JY3] | 在馆 |